Modernisme a Catalunya / director de l'obra, J. M. Infiesta ; pròleg, Rafael Santos Torroella
Descripción Física:
2 v. : principalment il. ; 26 cm
Materias:
Modernisme -- Catalunya
MARC
| LEADER | 00000nam a2200000Ia 4500 | ||
|---|---|---|---|
| 001 | 1689, 1690 | ||
| 008 | 160829s1981 - 1982 xx 000 0 cat d | ||
| 080 | |a B-1-109, B-1-110 | ||
| 245 | |a Modernisme a Catalunya / director de l'obra, J. M. Infiesta ; pròleg, Rafael Santos Torroella | ||
| 260 | |a Barcelona : |b Nou Art Thor, |c 1981 - 1982 | ||
| 300 | |a 2 v. : |b principalment il. ; |c 26 cm | ||
| 590 | |a Conté: v. 1: Arquitectura / Joan Bassegoda i Nonell. Escultura / J. M. Infiesta. Literatura / Joaquim Marco; v. 2: Pintura / Jaume Socías. Música / Josep Casanovas. Decoració / Josep M. Garrut | ||
| 650 | |a Modernisme |x Catalunya |9 30303 | ||
| 700 | 1 | |a Infiesta Monterde, José Manuel |9 30304 | |
| 700 | |a Santos Torroella, Rafael, pr. |9 30305 | ||
| 901 | |a Arxiu | ||
| 942 | |n 1 | ||
| 952 | |0 0 |1 0 |4 0 |6 B1109_B1110 |7 1 |9 45374 |a Arxiu |b Arxiu |d 2016-12-01 |l 0 |o B-1-109, B-1-110 |p 1689, 1690 |r 2016-12-01 00:00:00 |w 2016-12-01 |y ARXIU | ||
| 999 | |c 48448 |d 48448 | ||